[Event "FSGM May"]
[Site "Budapest HUN"]
[Date "2003.05.03"]
[Round "1"]
[White "Prusikhin,M"]
[Black "Hermansson,E"]
[Result "1-0"]
[WhiteElo "2525"]
[BlackElo "2396"]

1.d4 Nf6 2.c4 g6 3.Nc3 d5 4.cxd5 Nxd5 5.e4 Nxc3 6.bxc3 Bg7 7.Bc4 c5 8.Ne2 O-O
9.O-O Nc6 10.Be3 Bg4 11.f3 Na5 12.Bd3 cxd4 13.cxd4 Be6 14.d5 Bxa1 15.Qxa1 f6
16.Kh1 Rc8 17.Bh6 Re8 18.Nf4 Bd7 19.e5 Nc4 20.e6 Ba4 21.Nxg6 hxg6 22.Bxg6 Ne5
23.Be4 Bc2 24.Bxc2 Rxc2 25.Qd1 Kh7 26.f4 Qc8 27.fxe5 Qc4 28.Bd2 Rc8 29.Qh5+ Kg8
30.Qg6+ Kh8 31.Rg1 f5 32.Qh6+ Kg8 33.Qg6+ Kh8 34.Bg5 Qc5 35.Qh5+ Kg8 36.Qf7+ Kh8
37.Bxe7 Qxg1+ 38.Kxg1 Rc1+ 39.Kf2 R1c2+ 40.Kg3 Rg8+ 41.Kh4 Rg4+ 42.Kh5  1-0

[Event "FSIMB May"]
[Site "Budapest HUN"]
[Date "2003.05.05"]
[Round "3"]
[White "Varga,Cs2"]
[Black "Pg,MOAHira"]
[Result "1/2-1/2"]
[WhiteElo "2168"]
[BlackElo "2200"]

1.d4 Nf6 2.c4 g6 3.Nc3 d5 4.cxd5 Nxd5 5.e4 Nxc3 6.bxc3 Bg7 7.Be3 c5 8.Qd2 Qa5
9.Nf3 Nc6 10.Rc1 cxd4 11.cxd4 Qxd2+ 12.Kxd2 O-O 13.d5 Rd8 14.Ke1 Nb4 15.Bd2 Na6
16.Bxa6 bxa6 17.Ke2 f5 18.Ba5 Rd7 19.Rc5 fxe4 20.Nd2 Bb7 21.Nxe4 Rxd5 22.f3 Rxc5
23.Nxc5 Bd5 24.a4 Rb8 25.Rd1 Rb2+ 26.Rd2 Bc4+ 27.Kd1 Rb1+ 28.Kc2 Ra1 29.g3 Ra3
30.f4 h5 31.Bb4 Rf3 32.Rd8+ Kf7 33.Ne4 Bf6 34.Bc3 Re3 35.Bxf6 Rxe4 36.Bg5 Be6
37.Ra8 Rxa4 38.Rxa7 Bf5+ 39.Kb3 Re4 40.Rxa6 Re2 41.Ra7  1/2-1/2

[Event "National I"]
[Site "Clermont-Ferrand FRA"]
[Date "2003.05.08"]
[Round "8"]
[White "Pinter,J"]
[Black "Karr,JP"]
[Result "1/2-1/2"]
[WhiteElo "2570"]
[BlackElo "2376"]

1.d4 Nf6 2.c4 g6 3.Nc3 d5 4.cxd5 Nxd5 5.e4 Nxc3 6.bxc3 Bg7 7.Bc4 c5 8.Ne2 Nc6
9.Be3 O-O 10.O-O Bg4 11.f3 Na5 12.Bxf7+ Rxf7 13.fxg4 Rxf1+ 14.Kxf1 cxd4 15.cxd4 e5
16.Kg1 Rc8 17.Rb1 Qd7 18.h3 b6 19.dxe5 Qxd1+ 20.Rxd1 Bxe5 21.Bh6 Rc2 22.Rd8+ Kf7
23.Nf4 Nc6 24.Rf8+ Ke7 25.Nd5+ Ke6 26.a3 Rc4 27.Bg5 Rxe4 28.Nf6 Ra4 29.Nxh7 Rxa3
30.Rf1 b5 31.Nf8+ Kd5 32.Nxg6 Bd4+ 33.Kh2 b4 34.Nf4+ Kc4 35.Ne2 Be5+ 36.Bf4 b3
37.Rc1+ Kd3 38.Rxc6 b2 39.Bxe5 b1=Q 40.Nf4+ Kd2 41.Rd6+ Ke1 42.Re6 Kd2  1/2-1/2

[Event "11th Sigeman & Co"]
[Site "Malmoe SWE"]
[Date "2003.05.08"]
[Round "9"]
[White "Hansen,Cu"]
[Black "McShane,L"]
[Result "1-0"]
[WhiteElo "2610"]
[BlackElo "2592"]

1.d4 Nf6 2.c4 g6 3.Nc3 d5 4.cxd5 Nxd5 5.e4 Nxc3 6.bxc3 Bg7 7.Bc4 c5 8.Ne2 O-O
9.O-O Nc6 10.Be3 Bg4 11.f3 cxd4 12.cxd4 Na5 13.Bd3 Be6 14.d5 Bxa1 15.Qxa1 f6
16.Bh6 Re8 17.Kh1 Rc8 18.Nf4 Bd7 19.e5 Nc4 20.e6 Ba4 21.Nxg6 hxg6 22.Bxg6 Ne5
23.Be4 Bc2 24.Bxc2 Rxc2 25.Qd1 Kh7 26.f4 Kxh6 27.fxe5 Rc4 28.Qd3 b5 29.exf6 exf6
30.d6 Kg7 31.Qg3+ Kh7 32.Qh3+ Kg7 33.Qg3+ Kh7 34.Qf3 Kg6 35.Qd5 Rh8 36.h3 a6
37.Qd3+ Kg7 38.Qg3+ Kh7 39.Rf5 Qe8 40.Rxf6 Rg8 41.Qd3+ Kg7 42.Qf5 Rc5 43.Rf7+  1-0

[Event "FSIMB May"]
[Site "Budapest HUN"]
[Date "2003.05.09"]
[Round "7"]
[White "Varga,Cs2"]
[Black "Boros,De"]
[Result "1-0"]
[WhiteElo "2168"]
[BlackElo "2296"]

1.d4 Nf6 2.c4 g6 3.Nc3 d5 4.cxd5 Nxd5 5.e4 Nxc3 6.bxc3 Bg7 7.Be3 c5 8.Qd2 cxd4
9.cxd4 Nc6 10.Rd1 Bg4 11.Be2 Bxe2 12.Nxe2 O-O 13.O-O e6 14.Rc1 Qd7 15.Rfd1 Rfc8
16.h3 b6 17.Nc3 Na5 18.Qe2 Rc4 19.e5 Rac8 20.Ne4 Rxc1 21.Bxc1 Nc6 22.Be3 Nb4
23.Bh6 Nd5 24.Qd2 Qe7 25.Bxg7 Kxg7 26.Nd6 Rc7 27.Rc1 Kg8 28.Ne4 Kg7 29.Nd6 Qd8
30.Rxc7 Nxc7 31.Qc1 Nd5 32.Qc6 Kg8 33.Qb7 Qe7 34.Qc8+ Qf8 35.Qb7 Qe7 36.Qa8+ Kg7
37.g3 h5 38.h4 a5 39.Kh2 Kh7 40.a4 Kg7 41.Kh3 Qd7 42.Kg2 Qe7 43.Ne4 Qb4 44.Qb7 Qe7
45.Qa8 Qb4 46.Ng5 Qxa4 47.Qa7 Qe8 48.Kf3 Qe7 49.Qa8 Nc3 50.g4 hxg4+ 51.Kxg4 Qd7
52.Qf3 Nd5 53.h5 f5+ 54.Kh4 Qe8 55.h6+ Kxh6 56.Qh1 Kg7 57.Kg3 Qg8 58.f4 Kf8
59.Qc1 Ke7 60.Qc6 a4 61.Qb7+ Kf8 62.Qd7 Ne7 63.Nxe6+ Kf7 64.Ng5+ Kg7 65.Qxe7+ Kh8
66.e6 a3 67.Qf6+ Qg7 68.Qd8+ Qg8 69.e7  1-0

[Event "FSIMA May"]
[Site "Budapest HUN"]
[Date "2003.05.11"]
[Round "9"]
[White "Lund,E"]
[Black "Pg,MOAHirawan"]
[Result "1-0"]
[WhiteElo "2269"]
[BlackElo "2210"]

1.d4 Nf6 2.c4 g6 3.Nc3 d5 4.cxd5 Nxd5 5.e4 Nxc3 6.bxc3 Bg7 7.Bc4 c5 8.Ne2 Nc6
9.Be3 cxd4 10.cxd4 O-O 11.O-O b6 12.Rc1 Na5 13.Bd5 Bb7 14.Bxb7 Nxb7 15.d5 e6
16.Nd4 Qd7 17.Nc6 Na5 18.Nxa5 bxa5 19.Rc5 exd5 20.exd5 Be5 21.Qc2 a4 22.Ra5 Rfd8
23.Rd1 a3 24.g3 Qb7 25.Qa4 a6 26.Qe4 Re8 27.Qd3 Bd6 28.Bc5 Bxc5 29.Rxc5 Qa7
30.Rc2 Rad8 31.Qxa3 Re4 32.d6 Rde8 33.Qf3 f5 34.Qb3+ Qf7 35.d7 Re1+ 36.Kg2  1-0

[Event "TCh-ESP"]
[Site "Lanzarote ESP"]
[Date "2003.05.13"]
[Round "8"]
[White "Estremera Panos,S"]
[Black "Jerez Perez,A"]
[Result "1/2-1/2"]
[WhiteElo "2370"]
[BlackElo "2415"]

1.d4 Nf6 2.c4 g6 3.Nc3 d5 4.cxd5 Nxd5 5.e4 Nxc3 6.bxc3 Bg7 7.Be3 O-O 8.Qd2 c5
9.Rc1 Qa5 10.d5 e6 11.c4 Qxd2+ 12.Kxd2 b6 13.Bd3 Bb7 14.Ne2 Nd7 15.Nc3 exd5
16.exd5 Ne5 17.Be2 f5 18.g3 Ba6 19.Nb1 Nf7 20.a4 Nd6 21.Bd3 Rfe8 22.Rc2 Bc8
23.Nc3 Bd7 24.Ra2 Rac8 25.Rb1 Be5 26.a5 Bxc3+ 27.Kxc3 b5 28.Bf4 bxc4 29.Bxd6 cxd3
30.Rb7 Rcd8 31.Bxc5 Bc8 32.Rxa7 Rxd5 33.Be3 Rd6 34.Ra8 Ra6 35.Rxa6 Bxa6 36.Rb2  1/2-1/2

[Event "TCh-Serbia & Montenegro"]
[Site "Budva YUG"]
[Date "2003.05.18"]
[Round "?"]
[White "Micic,C"]
[Black "Pavlovic,G1"]
[Result "1-0"]
[WhiteElo "2408"]
[BlackElo "2342"]

1.d4 Nf6 2.c4 g6 3.Nc3 d5 4.cxd5 Nxd5 5.e4 Nxc3 6.bxc3 Bg7 7.Bb5+ c6 8.Ba4 O-O
9.Ne2 b5 10.Bb3 Bb7 11.O-O c5 12.d5 Nd7 13.Rb1 Nb6 14.Bg5 Qd7 15.Qd2 Ba6
16.Rfe1 Rfe8 17.Rbd1 Rac8 18.Bh6 Bh8 19.h4 b4 20.cxb4 c4 21.Bc2 c3 22.Qf4 Nc4
23.h5 Nd2 24.hxg6 hxg6 25.e5 e6 26.Nxc3 Rxc3 27.Qxd2 Rxc2 28.Qxc2 exd5 29.Qc5 Bb7
30.Qd6 Qf5 31.e6 fxe6 32.Rc1 Bf6 33.Rc7  1-0

[Event "ch-EST"]
[Site "Tallinn EST"]
[Date "2003.05.18"]
[Round "2.1"]
[White "Kuusk,A"]
[Black "Zjukin,S"]
[Result "1/2-1/2"]
[WhiteElo "2107"]
[BlackElo "2401"]

1.d4 Nf6 2.c4 g6 3.Nc3 d5 4.cxd5 Nxd5 5.e4 Nxc3 6.bxc3 Bg7 7.Nf3 c5 8.Be3 Qa5
9.Qd2 Nc6 10.Rc1 cxd4 11.cxd4 Qxd2+ 12.Kxd2 O-O 13.Bb5 f5 14.exf5 Bxf5 15.Bxc6 bxc6
16.Rxc6 Rfb8 17.Kc3 Rb6 18.Rxb6 axb6 19.Kb2 Be6 20.a3 Bd5 21.Rc1 e6  1/2-1/2

[Event "22nd Mitropa Cup"]
[Site "Pula CRO"]
[Date "2003.05.22"]
[Round "6"]
[White "Varga,P"]
[Black "Navara,D"]
[Result "0-1"]
[WhiteElo "2486"]
[BlackElo "2576"]

1.d4 Nf6 2.c4 g6 3.Nc3 d5 4.cxd5 Nxd5 5.e4 Nxc3 6.bxc3 Bg7 7.Qa4+ Nd7 8.Nf3 O-O
9.Bg5 c5 10.Qa3 h6 11.Be3 b6 12.Bd3 cxd4 13.cxd4 Nc5 14.O-O Nxd3 15.Qxd3 Bb7
16.Rad1 e6 17.Nd2 Qd7 18.f3 Rac8 19.Nb3 Rc6 20.Qd2 Kh7 21.Rc1 Rfc8 22.Rxc6 Rxc6
23.Rc1 Rxc1+ 24.Nxc1 Ba6 25.Qc3 Qb5 26.h3 Qf1+ 27.Kh2 Bc4 28.Nb3 b5 29.Qc2 Bf8
30.Na5 Bd6+ 31.e5 Bf8 32.Nxc4 Qxc4 33.Qxc4 bxc4 34.Bd2 Ba3 35.Bc3 a5 36.Bxa5 Bb2
37.Kg3 c3 38.Kf4 c2 39.Bd2 c1=Q 40.Bxc1 Bxc1+ 41.Ke4 Ba3 42.Kd3 Kg7 43.Kc4 Kf8
44.Kb3 Bc1 45.a4 Ke7 46.Kc4 Kd7 47.Kc5 Bd2 48.g4 Kc7 49.Kb5 g5 50.Kc5 Ba5
51.d5 Bc3 52.d6+ Kd7 53.Kb6 Bxe5 54.a5 Kxd6  0-1

[Event "28th Elekes Mem GM"]
[Site "Budapest HUN"]
[Date "2003.05.23"]
[Round "7"]
[White "Galyas,M"]
[Black "Fogarasi,T"]
[Result "0-1"]
[WhiteElo "2413"]
[BlackElo "2460"]

1.d4 Nf6 2.c4 g6 3.Nc3 d5 4.cxd5 Nxd5 5.e4 Nxc3 6.bxc3 Bg7 7.Nf3 c5 8.Be3 Qa5
9.Qd2 O-O 10.Rc1 Rd8 11.d5 e6 12.c4 Qxd2+ 13.Nxd2 b6 14.Be2 Na6 15.Nb1 f5
16.exf5 exd5 17.cxd5 Nb4 18.O-O Nxa2 19.Rcd1 Bxf5 20.Bf3 Bxb1 21.Rxb1 Nc3
22.Rbe1 Nxd5 23.Bg5 Rd6 24.Re6 Rxe6 25.Bxd5 Re8 26.Re1 Kf7 27.h4 h6 28.Bc1 Bc3
29.Re3 Bd4 30.Ra3 Kf6 31.Bxh6 Re1+ 32.Kh2 Rh8 33.Bg5+ Ke5 34.Bf7 Bxf2 35.g3 a5
36.Rf3 Bd4 37.Bxg6 Kd5 38.h5 a4 39.h6 b5 40.h7 b4 41.Bf7+ Kc6 42.Bg8 b3  0-1

[Event "28th Elekes Mem GM"]
[Site "Budapest HUN"]
[Date "2003.05.24"]
[Round "8"]
[White "Galyas,M"]
[Black "Wittmann,W"]
[Result "1/2-1/2"]
[WhiteElo "2413"]
[BlackElo "2345"]

1.d4 Nf6 2.c4 g6 3.Nc3 d5 4.cxd5 Nxd5 5.e4 Nxc3 6.bxc3 Bg7 7.Nf3 c5 8.Be3 Qa5
9.Qd2 O-O 10.Rc1 cxd4 11.cxd4 Qxd2+ 12.Nxd2 e6 13.Nb3 b6 14.f3 Ba6 15.Be2 Bxe2
16.Kxe2 Na6 17.Rhd1  1/2-1/2

[Event "22nd Mitropa Cup"]
[Site "Pula CRO"]
[Date "2003.05.24"]
[Round "8"]
[White "Erdos,V"]
[Black "Banas,J"]
[Result "1/2-1/2"]
[WhiteElo "2425"]
[BlackElo "2383"]

1.d4 Nf6 2.c4 g6 3.Nc3 d5 4.cxd5 Nxd5 5.e4 Nxc3 6.bxc3 Bg7 7.Bc4 c5 8.Ne2 O-O
9.O-O Nc6 10.Be3 Na5 11.Bd3 b6 12.Rc1 cxd4 13.cxd4 e6 14.Qd2 Bb7 15.h4 Qd7
16.h5 Rfc8 17.h6 Bf8 18.Bg5 Rxc1 19.Rxc1 Rc8 20.Rxc8 Qxc8 21.Ng3 Nc6 22.Bb5 Nb4
23.a3 Ba6 24.Bxa6 Nxa6 25.a4 Qd7 26.Nh5 Be7 27.Nf6+ Bxf6 28.Bxf6 Nc7 29.Be5 Ne8
30.Qb4 f6 31.Bf4 Kf7 32.Qc4  1/2-1/2

[Event "TCh-RUS"]
[Site "Togliatti RUS"]
[Date "2003.05.24"]
[Round "9"]
[White "Skatchkov,P"]
[Black "Smikovski,I"]
[Result "1/2-1/2"]
[WhiteElo "2475"]
[BlackElo "2489"]

1.d4 Nf6 2.c4 g6 3.Nc3 d5 4.cxd5 Nxd5 5.e4 Nxc3 6.bxc3 Bg7 7.Bc4 c5 8.Ne2 cxd4
9.cxd4 Nc6 10.Be3 O-O 11.O-O Bg4 12.f3 Na5 13.Bd3 Be6 14.d5 Bxa1 15.Qxa1 f6
16.Bh6 Re8 17.Kh1 Rc8 18.Nf4 Bd7 19.e5 Nc4 20.e6 Bb5 21.Qe1 Nd6 22.Bxg6 hxg6
23.Qg3 Bd3 24.Nxd3 Kh7 25.Nf4 g5 26.Bxg5 fxg5 27.Qxg5 Qc7 28.Qh4+ Kg8 29.Ng6 Kg7
30.Qg5 Kh7 31.Qh5+ Kg7 32.Qg5 Kh7  1/2-1/2

[Event "4th IECC"]
[Site "Istanbul TUR"]
[Date "2003.05.30"]
[Round "1"]
[White "Arlandi,E"]
[Black "Hracek,Z"]
[Result "1-0"]
[WhiteElo "2456"]
[BlackElo "2584"]

1.d4 Nf6 2.c4 g6 3.Nc3 d5 4.cxd5 Nxd5 5.e4 Nxc3 6.bxc3 Bg7 7.Bc4 O-O 8.Ne2 Nc6
9.O-O b6 10.Bg5 Qd7 11.Qd2 Bb7 12.f4 Na5 13.Bd3 c5 14.Qe3 cxd4 15.cxd4 e6
16.Rad1 Rac8 17.Bb1 Ba6 18.Rfe1 Qa4 19.Ng3 Nc4 20.Qb3 Qa5 21.e5 Nd2 22.Qb2 Nxb1
23.Qxb1 Bb7 24.Ne4 Bxe4 25.Qxe4 Rc4 26.Re2 Rfc8 27.h3 b5 28.Be7 b4 29.Kh2 Qb5
30.Qf3 Rc3 31.Re3 a5 32.Bc5 Rxe3 33.Qxe3 Bf8 34.Bxf8 Kxf8 35.f5 exf5 36.d5 Qc5
37.Qf4 Qc2 38.Rd4 Qc1 39.Qh4 Qe3 40.Qf6 Qxd4 41.Qh8+ Ke7 42.d6+ Ke6 43.Qxc8+ Kxe5
44.d7 Qf4+ 45.Kg1 Qe3+ 46.Kh1 Qd4  1-0

[Event "4th IECC"]
[Site "Istanbul TUR"]
[Date "2003.05.31"]
[Round "2"]
[White "Del Rio Angelis,S"]
[Black "McShane,L"]
[Result "0-1"]
[WhiteElo "2490"]
[BlackElo "2592"]

1.d4 Nf6 2.c4 g6 3.Nc3 d5 4.cxd5 Nxd5 5.e4 Nxc3 6.bxc3 Bg7 7.Bc4 O-O 8.Ne2 c5
9.O-O Nc6 10.Be3 Bd7 11.Rb1 a6 12.Qd2 b5 13.Bd3 cxd4 14.cxd4 Qa5 15.Qxa5 Nxa5
16.Rfc1 Rfc8 17.d5 e6 18.Bb6 Nc4 19.Bxc4 Rxc4 20.Rxc4 bxc4 21.Bd4 exd5 22.Bxg7 Kxg7
23.exd5 Kf6 24.f4 Kf5 25.Kf2 Ke4 26.Rd1 Rc8 27.Rd4+ Kf5 28.Nc3 h5 29.Ke3 Kf6
30.Rd2 h4 31.Ne4+ Ke7 32.Kd4 Bf5 33.Nc3 Rb8 34.Kxc4 Kd6 35.Nd1 Be4 36.Nc3 Bf5
37.Re2 Rc8+ 38.Kd4 Rb8 39.a3 Rb3 40.Re8 Rxa3 41.Ra8 Ke7 42.Ra7+ Ke8 43.d6 Ra1
44.Re7+ Kd8 45.Nd5 Rd1+ 46.Ke5 f6+ 47.Nxf6 Re1+ 48.Kd5 Rxe7 49.dxe7+ Kxe7
50.Nh7 a5 51.Ng5 Bg4 52.Ne4 h3  0-1

[Event "4th IECC"]
[Site "Istanbul TUR"]
[Date "2003.06.01"]
[Round "3"]
[White "Olafsson,H"]
[Black "Ruck,R"]
[Result "1/2-1/2"]
[WhiteElo "2473"]
[BlackElo "2569"]

1.d4 Nf6 2.c4 g6 3.Nc3 d5 4.cxd5 Nxd5 5.e4 Nxc3 6.bxc3 Bg7 7.Nf3 c5 8.Rb1 O-O
9.Be2 cxd4 10.cxd4 Qa5+ 11.Qd2 Qxd2+ 12.Bxd2 b6 13.Rc1 Bb7 14.Bd3 Nc6 15.d5 Ne5
16.Nxe5 Bxe5 17.Ke2 Rfc8 18.Rxc8+ Rxc8 19.a4 e6 20.dxe6 fxe6 21.Rb1 Bc6 22.Rc1 Bd7
23.Bb5  1/2-1/2

[Event "4th IECC"]
[Site "Istanbul TUR"]
[Date "2003.06.02"]
[Round "4"]
[White "Comas Fabrego,L"]
[Black "McShane,L"]
[Result "0-1"]
[WhiteElo "2490"]
[BlackElo "2592"]

1.d4 Nf6 2.c4 g6 3.Nc3 d5 4.cxd5 Nxd5 5.e4 Nxc3 6.bxc3 Bg7 7.Nf3 c5 8.Rb1 O-O
9.Be2 cxd4 10.cxd4 Qa5+ 11.Bd2 Qxa2 12.O-O Bg4 13.Be3 Nc6 14.d5 Bxf3 15.Bxf3 Ne5
16.Be2 Nc4 17.Bg5 Rfb8 18.Bxc4 Qxc4 19.Bxe7 b5 20.Rc1 Qxe4 21.Re1 Qf5 22.d6 Bf6
23.Bxf6 Qxf6 24.Qd5 Rd8 25.d7 Rab8 26.g4 b4 27.Re4 h5 28.Rce1 hxg4 29.Re8+ Kh7
30.Qc5 b3 31.Qc7 Ra8 32.Qb7 Qf3 33.Qb4 Rxd7 34.R8e3 Qf5 35.Re5 Qf6 36.Qxb3 Kg7
37.Qb4 Rad8 38.Qxg4 Rd4 39.R5e4 Re8 40.Rxd4 Rxe1+ 41.Kg2 Re5 42.h4 Rf5 43.Qg3 Qxd4  0-1

[Event "IEWCC"]
[Site "Istanbul TUR"]
[Date "2003.06.05"]
[Round "4"]
[White "Zhukova,N"]
[Black "Petrenko,S"]
[Result "1/2-1/2"]
[WhiteElo "2448"]
[BlackElo "2348"]

1.d4 Nf6 2.c4 g6 3.Nc3 d5 4.cxd5 Nxd5 5.e4 Nxc3 6.bxc3 Bg7 7.Bc4 O-O 8.Ne2 c6
9.O-O b5 10.Bd3 e5 11.Ba3 Re8 12.d5 Bb7 13.Qb3 a6 14.c4 cxd5 15.cxd5 Nd7
16.Nc3 Qb6 17.Rab1 Bf8 18.Bxf8 Rxf8 19.Nd1 Qd4 20.Bc2 Rac8 21.a4 Nc5 22.Qe3 Qc4
23.Rb2 b4 24.a5 Rb8 25.f3 Qb5 26.Qd2 Bc8 27.Ne3 Qxa5 28.Rfb1 Bd7 29.Nc4 Qc7
30.Rxb4 Rb5 31.Kh1 f6 32.Na3 Rxb4 33.Qxb4 Rc8 34.h3 Kg7 35.Nc4 Bb5 36.Na5 Qd6
37.Bd1 Kf7 38.Kh2  1/2-1/2

[Event "IEWCC"]
[Site "Istanbul TUR"]
[Date "2003.06.08"]
[Round "6"]
[White "Johansson,V"]
[Black "Genova,R"]
[Result "1/2-1/2"]
[WhiteElo "2175"]
[BlackElo "2239"]

1.d4 Nf6 2.c4 g6 3.Nc3 d5 4.cxd5 Nxd5 5.e4 Nxc3 6.bxc3 Bg7 7.Bc4 Nc6 8.Ne2 b6
9.O-O O-O 10.Be3 e5 11.Rc1 Na5 12.Bd3 Qe7 13.Qd2 c6 14.Bg5 f6 15.Bh6 Be6
16.Bxg7 Kxg7 17.Ra1 Rad8 18.Rfd1 Bc4 19.Bxc4 Nxc4 20.Qc2 Rfe8 21.Ng3 h5 22.h4 Qc7
23.Rac1 b5 24.Rd3 exd4 25.cxd4 Qf4 26.a4 Qxh4 27.axb5 cxb5 28.Ra1 Re7 29.Qb3 Rb7
30.Ra6 Qf4 31.Rc3 Qc7 32.d5 Rb6 33.Ra1 Qe7 34.Qa2 a5 35.Qe2 h4 36.Nf1 Rxd5
37.Qg4 Rd4 38.Qxh4 Rxe4 39.Qg3 Qe5 40.Qh3 Qe6 41.Qh2 Qe5 42.Qh3 Rb7 43.Rd1 Rd4
44.Rxd4 Qxd4 45.Rd3 Qe5 46.Rd8 Qh5 47.Qc8 Rf7 48.Rg8+ Kh6 49.Rh8+ Rh7 50.Qf8+ Kg5
51.Qc5+ f5 52.Rxh7 Qxh7 53.Qxb5 Qc7 54.Ng3 Ne5 55.Qb2 Ng4 56.Qd2+ Kf6 57.Qd4+ Kf7
58.Qd5+ Ke7 59.Qd2 Qc5 60.Qb2 Qe5 61.Qa3+ Kd7 62.Qd3+ Ke8 63.Nf1 Qe6 64.Qb5+ Kf7  1/2-1/2

[Event "4th IECC"]
[Site "Istanbul TUR"]
[Date "2003.06.13"]
[Round "13"]
[White "Palo,D"]
[Black "Ruck,R"]
[Result "1-0"]
[WhiteElo "2483"]
[BlackElo "2569"]

1.d4 Nf6 2.c4 g6 3.Nc3 d5 4.cxd5 Nxd5 5.e4 Nxc3 6.bxc3 Bg7 7.Bc4 c5 8.Ne2 Nc6
9.Be3 O-O 10.O-O Bg4 11.f3 cxd4 12.cxd4 Na5 13.Bd3 Be6 14.d5 Bxa1 15.Qxa1 f6
16.Bh6 Bd7 17.Bxf8 Qb6+ 18.Qd4 Qxd4+ 19.Nxd4 Kxf8 20.Rc1 Rc8 21.Rxc8+ Bxc8
22.f4 Kf7 23.Kf2 a6 24.Ke3 e6 25.Nxe6 Bxe6 26.dxe6+ Kxe6 27.Kd4 Kd7 28.Kc5 Kc7
29.Kd5 Kd7 30.Be2 h5 31.e5 fxe5 32.Kxe5 Ke7 33.Kd5 Kd7 34.Kc5 Kc7 35.Bd3 Nc6
36.Bxg6 b6+ 37.Kc4 h4 38.Be4 Ne7 39.g4 Kd6 40.Kd4 Ke6 41.Bb7 a5 42.Kc4 Kd6
43.Be4 h3 44.Kb5 Nd5 45.Bxd5 Kxd5 46.g5 Ke4 47.g6  1-0

[Event "4th IECC"]
[Site "Istanbul TUR"]
[Date "2003.06.13"]
[Round "13"]
[White "Arlandi,E"]
[Black "Shomoev,A"]
[Result "1/2-1/2"]
[WhiteElo "2456"]
[BlackElo "2558"]

1.d4 Nf6 2.c4 g6 3.Nc3 d5 4.cxd5 Nxd5 5.e4 Nxc3 6.bxc3 Bg7 7.Bc4 O-O 8.Ne2 c5
9.O-O Nc6 10.Be3 Bd7 11.Rb1 a6 12.dxc5 Qc7 13.Nd4 Rac8 14.Be2 Na5  1/2-1/2

[Event "ch-Quebec Inv"]
[Site "Montreal CAN"]
[Date "2003.06.26"]
[Round "1"]
[White "Hua,L"]
[Black "Kleinplatz,S"]
[Result "1-0"]
[WhiteElo "2267"]
[BlackElo "2312"]

1.d4 Nf6 2.c4 g6 3.Nc3 d5 4.cxd5 Nxd5 5.e4 Nxc3 6.bxc3 Bg7 7.Nf3 c5 8.Rb1 O-O
9.Be2 cxd4 10.cxd4 Qa5+ 11.Bd2 Qxa2 12.O-O Bd7 13.Ra1 Qe6 14.Qb1 b5 15.Bb4 Qb6
16.Bxe7 Re8 17.Bc5 Qb7 18.Bc4 Bc6 19.Bxf7+ Qxf7 20.Ng5 Qc4 21.Rc1 Bxe4 22.Nxe4 Qd5
23.Nd6 Rf8 24.Nxb5 Rf7 25.Nd6 Rd7 26.Nc4 Rb7 27.Nb6 Qf7 28.Qe4 axb6 29.Rxa8 bxc5
30.Rb1 Rxb1+ 31.Qxb1 cxd4 32.Rxb8+ Bf8 33.Rd8 Qf6 34.Qb3+ Kg7 35.Qd5  1-0

[Event "ch-NED"]
[Site "Leeuwarden NED"]
[Date "2003.07.01"]
[Round "5"]
[White "Janssen,R"]
[Black "L'Ami,E"]
[Result "0-1"]
[WhiteElo "2483"]
[BlackElo "2433"]

1.d4 Nf6 2.c4 g6 3.Nc3 d5 4.cxd5 Nxd5 5.e4 Nxc3 6.bxc3 Bg7 7.Bc4 O-O 8.Ne2 Nc6
9.O-O b6 10.Be3 Bb7 11.Qd2 Na5 12.Bd3 c5 13.d5 e6 14.dxe6 fxe6 15.Rad1 Qe7
16.Bg5 Bf6 17.Bxf6 Qxf6 18.f4 Rad8 19.e5 Qh4 20.Qe3 Rd7 21.Ng3 Rfd8 22.Qe2 Kh8
23.Ne4 c4 24.Bc2 Rxd1 25.Bxd1 Bxe4 26.Qxe4 Qe7 27.Bg4 b5 28.h4 Nb7 29.h5 Kg7
30.Bf3 Nc5 31.Qb1 a6 32.Qe1 Rd3 33.Be2 Rd8 34.Qg3 Ne4 35.Qh3 Rd2 36.Bf3 Nxc3
37.Kh2 Rd3 38.Qg4 Nd5 39.Bxd5 Rxd5 40.Rf3 Rd3 41.Rf2 c3 42.f5 exf5 43.Rxf5 c2
44.h6+ Kg8  0-1

[Event "2nd Open"]
[Site "La Fere FRA"]
[Date "2003.07.02"]
[Round "7"]
[White "Bertin,JL"]
[Black "Steenbekkers,F"]
[Result "1/2-1/2"]
[WhiteElo "2010"]
[BlackElo "2198"]

1.d4 Nf6 2.c4 g6 3.Nc3 d5 4.cxd5 Nxd5 5.e4 Nxc3 6.bxc3 Bg7 7.Bc4 c5 8.Ne2 Nc6
9.Be3 O-O 10.O-O cxd4 11.cxd4 Bg4 12.f3 Na5 13.Bxf7+ Rxf7 14.fxg4 Rxf1+ 15.Kxf1 e5
16.d5 Nc4 17.Qd3 b5 18.Kg1 Qd7 19.h3 Rc8 20.Rc1 Bf8 21.Kh2 a5 22.Ng1 Nxe3
23.Qxe3 Rxc1 24.Qxc1 Bd6 25.Nf3 b4 26.Qc4 Qb7 27.Nd2 a4 28.Kg3 Qf7 29.Nf3 Qb7
30.Nd2 Qf7 31.Nf3  1/2-1/2

[Event "ch-Quebec Inv"]
[Site "Montreal CAN"]
[Date "2003.07.02"]
[Round "6"]
[White "Roussel Roozmon,T"]
[Black "Kleinplatz,S"]
[Result "1-0"]
[WhiteElo "2244"]
[BlackElo "2312"]

1.d4 Nf6 2.c4 g6 3.Nc3 d5 4.cxd5 Nxd5 5.e4 Nxc3 6.bxc3 Bg7 7.Be3 c5 8.Qd2 cxd4
9.cxd4 Nc6 10.Rd1 O-O 11.Nf3 Bg4 12.Be2 Bxf3 13.Bxf3 e5 14.d5 Nd4 15.Bxd4 exd4
16.O-O Rc8 17.g3 Rc3 18.Bg2 Qc7 19.f4 b5 20.e5 Rc4 21.d6 Qc5 22.d7 Rd8 23.Bh3 Qd5
24.Qg2 Rxd7 25.Bxd7 Qxd7 26.Qe4 f5 27.exf6 Bxf6 28.f5 g5 29.Qe6+ Qf7 30.Rf3 Rc3
31.Rxc3 Qxe6 32.fxe6 dxc3 33.Kf1 Kg7 34.Rd7+ Kg6 35.Rxa7 Be5 36.Ke2  1-0

[Event "6th Open Vins du Mer"]
[Site "Naujac sur Mer FRA"]
[Date "2003.07.02"]
[Round "5"]
[White "Voiteanu,G"]
[Black "Schmidt,Ar"]
[Result "1-0"]
[WhiteElo "2270"]
[BlackElo "2192"]

1.d4 Nf6 2.c4 g6 3.Nc3 d5 4.cxd5 Nxd5 5.e4 Nxc3 6.bxc3 Bg7 7.Bc4 c5 8.Ne2 O-O
9.O-O Nc6 10.Be3 Qc7 11.Rc1 Rd8 12.d5 Na5 13.Bd3 c4 14.Bc2 e6 15.Qd2 b6 16.Nd4 exd5
17.exd5 Bb7 18.Bf4 Be5 19.Bxe5 Qxe5 20.Rfe1 Qxd5 21.Be4 Qd7 22.Qg5 Re8 23.f3 Bxe4
24.fxe4 Qe7 25.Qh6 Qe5 26.Rf1 Qxe4 27.Rxf7 Qe3+ 28.Qxe3 Rxe3 29.Rcf1 Rae8
30.Rxa7 Re1 31.Ra6 Rxf1+ 32.Kxf1 Rb8 33.Ra7 Rb7 34.Nb5 Rxa7 35.Nxa7 Nb7 36.Ke2 Kf7
37.Ke3 Nd6 38.Kd4 Ke6 39.a4 Kd7 40.g4 h5 41.Nb5 Nf7 42.gxh5 gxh5 43.Na3 Ng5
44.Ke3 Kc6 45.h4 Ne6 46.Nxc4 b5 47.axb5+ Kxb5 48.Nd2 Kc5 49.Ke4 Kd6 50.Kf5 Kd5
51.c4+ Kd6 52.Ne4+ Kd7 53.Kg6 Nf8+ 54.Kxh5 Ke6 55.Kg5 Ke5 56.Nd2 Ke6 57.h5 Kf7
58.Ne4 Kg7 59.c5 Kh7 60.c6 Ne6+ 61.Kf6 Nc7 62.Ke7 Kh6 63.Ng3 Nd5+ 64.Kd8  1-0

[Event "ch-SWE"]
[Site "Umea SWE"]
[Date "2003.07.03"]
[Round "5"]
[White "Ahlander,B"]
[Black "Ernst,T"]
[Result "1-0"]
[WhiteElo "2389"]
[BlackElo "2442"]

1.d4 Nf6 2.c4 g6 3.Nc3 d5 4.cxd5 Nxd5 5.e4 Nxc3 6.bxc3 Bg7 7.Bc4 c5 8.Ne2 Nc6
9.Be3 O-O 10.O-O Bg4 11.f3 Na5 12.Bd3 cxd4 13.cxd4 Be6 14.d5 Bxa1 15.Qxa1 f6
16.Bh6 Re8 17.Kh1 Rc8 18.Nf4 Bd7 19.e5 Nc4 20.e6 Ba4 21.Nxg6 hxg6 22.Bxg6 Ne5
23.Be4 Bc2 24.Bxc2 Rxc2 25.Qd1 Rxa2 26.f4 Kh7 27.fxe5 Kxh6 28.exf6 exf6 29.Qd4 Kg7
30.Qg4+ Kf8 31.Qg6 Ke7 32.Qxf6+  1-0

[Event "FSGM July"]
[Site "Budapest HUN"]
[Date "2003.07.06"]
[Round "2"]
[White "Thorfinnsson,Br"]
[Black "Shahade,J"]
[Result "1-0"]
[WhiteElo "2373"]
[BlackElo "2366"]

1.d4 Nf6 2.c4 g6 3.Nc3 d5 4.cxd5 Nxd5 5.e4 Nxc3 6.bxc3 Bg7 7.Nf3 c5 8.Rb1 O-O
9.Be2 Nc6 10.d5 Ne5 11.Nxe5 Bxe5 12.O-O e6 13.c4 Re8 14.Be3 exd5 15.cxd5 b6
16.f4 Bg7 17.e5 f6 18.e6 f5 19.Bb5 Re7 20.d6 Rxe6 21.Qd5  1-0

[Event "31st World Open"]
[Site "Philadelphia USA"]
[Date "2003.07.06"]
[Round "8"]
[White "Bick,J"]
[Black "Mikhailuk,S"]
[Result "0-1"]
[WhiteElo "2273"]
[BlackElo "2442"]

1.d4 Nf6 2.c4 g6 3.Nc3 d5 4.cxd5 Nxd5 5.e4 Nxc3 6.bxc3 Bg7 7.Bc4 c5 8.Ne2 O-O
9.O-O Nc6 10.Be3 Bd7 11.Rb1 Qc7 12.Bf4 e5 13.dxe5 Nxe5 14.Bxe5 Bxe5 15.f4 Bg7
16.Bd5 Bc6 17.c4 Rab8 18.Rf3 b5 19.Rfb3 Rbd8 20.Rxb5 Bxb5 21.cxb5 c4 22.Kh1 Qc5
23.a4 Kh8 24.Rc1 f5 25.Qf1 c3 26.Qf3 fxe4 27.Bxe4 Rfe8 28.h3 Qc4 29.Ng3 Rd4
30.f5 Rdxe4 31.Nxe4 Rxe4 32.f6 Bf8 33.Rxc3 Qxa4 34.Rc8 Kg8 35.Rd8  0-1

[Event "Open A"]
[Site "Poznan POL"]
[Date "2003.07.10"]
[Round "5"]
[White "Kaszowski,D"]
[Black "Janaszak,Daw"]
[Result "1/2-1/2"]
[WhiteElo "2309"]
[BlackElo "2223"]

1.d4 Nf6 2.c4 g6 3.Nc3 d5 4.cxd5 Nxd5 5.e4 Nxc3 6.bxc3 Bg7 7.Bc4 c5 8.Ne2 O-O
9.O-O Nc6 10.Be3 Bg4 11.f3 cxd4 12.cxd4 Na5 13.Bd5 Bd7 14.Rb1 a6 15.Bxb7 Ra7
16.Bd5 Bb5 17.a4 Bxe2 18.Qxe2 e6 19.Bc4 Bxd4 20.Rfd1 Bxe3+ 21.Qxe3 Rd7 22.Be2 Qc8
23.Rdc1 Rc7 24.h4 h5 25.f4 Rxc1+ 26.Rxc1 Qd7 27.Bxa6 Qxa4 28.f5 exf5 29.exf5 Nb3
30.Rb1 Qxa6 31.Rxb3 Qa1+ 32.Kh2 Qf6 33.Qg5 Qxg5 34.hxg5 gxf5 35.Kg3  1/2-1/2

[Event "FSIM July"]
[Site "Budapest HUN"]
[Date "2003.07.11"]
[Round "7"]
[White "Galyas,M"]
[Black "Howell,D"]
[Result "0-1"]
[WhiteElo "2419"]
[BlackElo "2323"]

1.d4 Nf6 2.c4 g6 3.Nc3 d5 4.cxd5 Nxd5 5.e4 Nxc3 6.bxc3 Bg7 7.Nf3 c5 8.Be3 Qa5
9.Qd2 Nc6 10.Rc1 cxd4 11.cxd4 Qxd2+ 12.Kxd2 O-O 13.d5 Na5 14.Bb5 f5 15.e5 f4
16.Bc5 Rd8 17.Ke2 Rxd5 18.Rhd1 Be6 19.Rxd5 Bxd5 20.Bxe7 Bxa2 21.Rc7 Bd5 22.Bg5 Nc6
23.Rd7 Bxf3+ 24.gxf3 Bxe5 25.Bc4+ Kh8 26.Kf1 a5 27.Rxb7 a4 28.Rb6 Nd4 29.Kg2 a3
30.Ba2 Ne2 31.Re6 Nc3 32.Rxe5 Nxa2 33.Re7 Nc1 34.Bxf4 a2 35.Be5+ Kg8 36.Rg7+ Kf8
37.Rxh7 a1=Q 38.Bxa1 Rxa1 39.Rb7 Ne2 40.h4 Ra4 41.Kh3 Rf4 42.Rb3 Nd4 43.Re3 Nf5
44.Re4 Rxf3+ 45.Kg2 Rd3 46.f3 Rd4 47.Kh3 Kg7 48.Rxd4 Nxd4 49.Kg4 Kh6 50.f4 Nc2
51.Kf3 Kh5 52.Ke4 Kg4 53.h5 gxh5 54.f5 Kg5 55.Ke5 Ne3  0-1